000 00535nam a2200169Ia 4500
008 090711s9999 xx 000 0 und d
082 _b9202
100 _aआपटे गुरुजी
245 _aसेनापति बापटदर्शन
260 _c1960
300 _a176
600 _aआपटे गुरुजी
630 _aसेनापति बापटदर्शन
700 _aआपटे गुरुजी
730 _aसेनापति बापटदर्शन
942 _cBOOK
999 _c317854
_d317854